LIBRARY & INFORMATION CENTRE, KCAET, TAVANUR

ONLINE PUBLIC ACCESS CATALOGUE (OPAC)

Soil mechanics : (Record no. 13980)

MARC details
000 -LEADER
fixed length control field 00367cam a2200145 a 4500
020 ## - INTERNATIONAL STANDARD BOOK NUMBER
ISBN 9058093581
082 00 - DEWEY DECIMAL CLASSIFICATION NUMBER
Classification number 624.1/5136
100 1# - MAIN ENTRY--AUTHOR NAME
Personal name Aysen, A.
245 10 - TITLE STATEMENT
Title Soil mechanics :
250 ## - EDITION STATEMENT
Edition statement Spl. Indian
260 ## - PUBLICATION, DISTRIBUTION, ETC. (IMPRINT)
Place of publication Lisse, The Netherlands ;
-- Exton (PA):
Name of publisher A.A. Balkema Pub.,
Year of publication c2002.
300 ## - PHYSICAL DESCRIPTION
Number of Pages vii, 459 p. :
Other physical details ill. ;
650 #0 - SUBJECT ADDED ENTRY--TOPICAL TERM
Topical Term Soil mechanics.
942 ## - ADDED ENTRY ELEMENTS (KOHA)
Koha item type Books
Holdings
Withdrawn status Lost status Damaged status Collection code Home library Current library Shelving location Date acquired Source of acquisition Cost, normal purchase price Full call number Accession Number Koha item type
      Reference KAUAET KAUAET Reference 30/03/2013 Neoti Book Agency 2995.00 624.15136 AYS/SO 23891 Reference
free website counter